Personnages de Peter Pan (1 & 2) - Statistiques

Statistiques générales
  • Ce quiz a été pris 51 fois
    13 depuis la dernière actualisation
  • Le résultat moyen est 10 sur 18
Statistiques - réponses
Personnages % Correct
Peter Pan
100%
Wendy
100%
Fée Clochette
91%
Michel
91%
Jean
82%
Monsieur Mouche
82%
Capitaine Crochet
73%
Nana
64%
Tic Tac
64%
George Darling
55%
Jeanne
45%
Marie Darling
45%
Lily La Tigresse
36%
Danny
18%
Les Enfants Perdus
18%
Grand Chef Indien
9%
La Pieuvre
9%
Édouard
0%
Aucun quiz correspondant
Distribution des résultats
% des personnes avec chaque résultat
Percentile par nombre de réponses
Votre historique - résultats
Vous n’avez pas pris ce quiz depuis la dernière actualisation